Top 10 montenegrin municipalities by biggest wages - Statistics

General Stats
  • This quiz has been taken 8 times
  • The average score is 8 of 10
Answer Stats
Answer % Correct
749 Kotor
100%
746 Podgorica
100%
700 Bar
86%
693 Budva
86%
725 Cetinje
71%
701 Nikšić
71%
879 Tivat
71%
683 Berane
57%
687 Kolašin
57%
744 Pljevlja
57%
No matching quizzes found
Score Distribution
Percent of People with Each Score
Percentile by Number Answered
Your Score History
You have not taken this quiz